Новости дорожной техники. № 18 (Запись № 13626623)

Подробности
000 -МАРКЕР
контрольное поле 01211nam2a2200253 4500
001 - ИДЕНТИФИКАТОР ЗАПИСИ
контрольное поле rc\3057458
005 - ИДЕНТИФИКАТОР ВЕРСИИ
контрольное поле 20260315070423.0
035 ## - ДРУГИЕ СИСТЕМНЫЕ НОМЕРА
Идентификатор записи (NLR Aleph) 007196470
100 ## - ДАННЫЕ ОБЩЕЙ ОБРАБОТКИ
Данные общей обработки 20111013d1939 u y0rusy50 ca
101 0# - ЯЗЫК РЕСУРСА
Язык текста, звукозаписи и т.д. русский
102 ## - СТРАНА ПУБЛИКАЦИИ ИЛИ ПРОИЗВОДСТВА
Страна публикации Российская Федерация
105 ## - ПОЛЕ КОДИРОВАННЫХ ДАННЫХ: ТЕКСТОВЫЕ МАТЕРИАЛЫ, МОНОГРАФИЧЕСКИЕ
Кодированные данные о монографическом текстовом документе a z |||||
200 0# - ЗАГЛАВИЕ И СВЕДЕНИЯ ОБ ОТВЕТСТВЕННОСТИ
Основное заглавие № 18
210 ## - ПУБЛИКАЦИЯ, РАСПРОСТРАНЕНИЕ И ДР.
Дата издания, распространения и т.д. 1939
215 ## - ФИЗИЧЕСКАЯ ХАРАКТЕРИСТИКА
Специфическое обозначение материала и объем 92 с.
Другие сведения о физической характеристике ил., табл., черт., граф.
300 ## - ОБЩИЕ ПРИМЕЧАНИЯ
Текст примечания На обороте тит. л.: Отв. ред. М.Я. Телегин
461 #0 - УРОВЕНЬ НАБОРА
Встроенное поле 001rc\3057442
-- 2000#$aНовости дорожной техники$eСборник N 3-$fНКВД-Гушоссдор. Центр. науч.-исслед. ин-т автогужевых дорог и дорожных машин (ЦДОРНИИ)$v№ 18
Системный номер (АБИС) связанной записи 7589473
Место публикации Москва
Дата публикации 1936
Первые сведения об ответственности НКВД-Гушоссдор. Центр. науч.-исслед. ин-т автогужевых дорог и дорожных машин (ЦДОРНИИ)
Имя издателя, распространителя и т.д. Гострансиздат
Сведения, относящиеся к заглавию Сборник N 3-
Заглавие Новости дорожной техники
Номер тома № 18
702 #1 - ИМЯ ЛИЦА - ВТОРИЧНАЯ ОТВЕТСТВЕННОСТЬ
Начальный элемент ввода Телегин
Часть имени, кроме начального элемента ввода М.Я.
Код отношения Редактор
801 #0 - ИСТОЧНИК ЗАПИСИ
Страна Российская Федерация
Организация NLR
Правила каталогизации psbo
801 #1 - ИСТОЧНИК ЗАПИСИ
Страна Российская Федерация
Организация ELAR
Источник данных rusmarc
852 ## - МЕСТОНАХОЖДЕНИЕ И ШИФР ХРАНЕНИЯ
Идентификатор организации NLR
Шифр хранения (Call Number) 36-17/242
942 ## - ДОПОЛНИТЕЛЬНЫЕ ЭЛЕМЕНТЫ ЗАПИСИ (АБИС)
Тип экземпляра АБИС Неопределено
980 ## - КОЛЛЕКЦИЯ
Название коллекции Национальная библиография

Нет доступных экземпляров.